00811 am a2200229 a 450000500170000000800410001702000150005804100080007309200170008110000220009824500780012025000520019826000340025030000110028450001140029565300220040965300200043193000090045194200120046099900130047295200960048520231227080644.0100610s1995||||ag # f |||| 001 0 spa d a9500415232 aspa c300l55sNER1 aNeri, Aldo.91237 aSur, penuria y después.bLa crisis de la politica social / cAldo Neri. a1a ed.bDiseño e ilustración: Eduardo Ruiz. aBuenos Aires: bEmece;c1995. a195 p. aNeri, A. (1995). Sur, penuria y después. La crisis de la política social. (1a ed.). Buenos Aires : Emece. aCiencias Sociales aPolitica Social a1713 2ddccBK c354d354 00104070aBFMbBFMcCRd2011-05-13l0o300 55 NERp1713r2014-11-06tej.1w2011-05-13yBK